000 00826nam a2200205Ia 4500
003 OSt
005 20250714123407.0
008 210210b2003 xxu||||| |||| 00| 0 eng d
040 _cAL
041 _aKannada
082 _aK894.8 SAMA
100 _aSAMAGRA DASA SAHITYA.
_9151049
_dಸಮಗ್ರ ದಾಸ ಸಾಹಿತ್ಯ
245 _aSamagra dasa sahitya: samputa; 10, bhaga 4, Shri Vijayadasara suladigalu: sankirna.
_bಸಮಗ್ರ ದಾಸ ಸಾಹಿತ್ಯ : ಸಂಪುಟ ೧೦: ಭಾಗ ೪, ಶ್ರೀ ವಿಜಯದಾಸರ ಸುಳಾದಿಗಳು (ಸಂಕೀರ್ಣ )
260 _aBengaluru
_bKannada mattu Samskrati Nirdeshanalalya
_c2003
300 _a77,552
650 _aDasasahitya
_9151050
690 _aKannada Miscellaneous
_9151051
906 _a059380
942 _2ddc
_cBK
999 _c106356
_d106356